[Event "Titled Tuesday intern op 16th May Early"]
[Site "Chess.com INT"]
[Date "2023.05.16"]
[Round "1"]
[White "Potkin, Vladimir"]
[Black "Zou, Brendan"]
[Result "1-0"]
[WhiteElo "2574"]
[BlackElo "1999"]
[PlyCount "63"]
[EventDate "2023.05.16"]
[EventType "swiss (blitz)"]
[EventRounds "11"]
[EventCountry "USA"]
[SourceTitle "CBM 214 Extra"]
[Source "ChessBase"]
[SourceDate "2023.07.31"]
[SourceVersion "1"]
[SourceVersionDate "2023.07.31"]
[SourceQuality "1"]

1. Nf3 Nf6 2. c4 e6 3. Nc3 d5 4. e3 Be7 5. b3 c5 6. cxd5 exd5 7. d4 0-0 8. Bb2 b6 9. Be2 h6 10. 0-0 Bf5 11. Rc1 Nc6 12. Ne5 Rc8 13. Bf3 Be6 14. Nb5 a6 15. Nc3 cxd4 16. Nxc6 Rxc6 17. Qxd4 Bc5 18. Qd3 a5 19. Rfd1 Rd6 20. Nb5 Rd7 21. h3 Ne4 22. Nd4 Ng5 23. Be2 Qe7 24. f4 Ne4 25. f5 Bxd4 26. Qxd4 f6 27. fxe6 Qxe6 28. Bf3 Re8 29. Bxe4 Qxe4 30. Qxe4 Rxe4 31. Kf2 Rde7 32. Bd4 1-0

[Event "Titled Tuesday intern op 11th Apr Early"]
[Site "Chess.com INT"]
[Date "2023.04.11"]
[Round "4"]
[White "Chincholimath, Halsagar"]
[Black "Zou, Brendan"]
[Result "1/2-1/2"]
[WhiteElo "1754"]
[BlackElo "1999"]
[PlyCount "102"]
[EventDate "2023.04.11"]
[EventType "swiss (blitz)"]
[EventRounds "11"]
[EventCountry "USA"]
[SourceTitle "CBM 213 Extra"]
[Source "ChessBase"]
[SourceDate "2023.05.31"]
[SourceVersion "1"]
[SourceVersionDate "2023.05.31"]
[SourceQuality "1"]

1. e4 c5 2. Nc3 e6 3. f4 Nc6 4. Nf3 a6 5. d3 b5 6. a3 Bb7 7. Be2 Nd4 8. Nxd4 cxd4 9. Nb1 Nf6 10. 0-0 Be7 11. e5 Nd5 12. f5 Bg5 13. Bf3 Be3+ 14. Kh1 Rb8 15. Nd2 Qc7 16. fxe6 dxe6 17. Bxd5 Bxd5 18. Qh5 0-0 19. Ne4 Bxe4 20. dxe4 Qxc2 21. Bxe3 dxe3 22. Rae1 Qxe4 23. Rf3 Qg6 24. Qh4 Rbc8 25. Rfxe3 Rc2 26. R3e2 Rxe2 27. Rxe2 Qb1+ 28. Qe1 Qxe1+ 29. Rxe1 Rd8 30. Rc1 f6 31. exf6 gxf6 32. Kg1 Kf7 33. Rc7+ Kg6 34. Rc6 e5 35. Rxa6 Rd2 36. b4 Rb2 37. Rb6 e4 38. Rxb5 e3 39. Kf1 e2+ 40. Ke1 f5 41. a4 Kg5 42. a5 Kf4 43. a6 Ra2 44. Rb6 Ke5 45. b5 f4 46. Rb7 Ke4 47. Re7+ Kd3 48. Rd7+ Ke3 49. Re7+ Kd3 50. Rd7+ Ke3 51. Re7+ Kd3 1/2-1/2

[Event "Titled Tuesday intern op 11th Apr Early"]
[Site "Chess.com INT"]
[Date "2023.04.11"]
[Round "1"]
[White "Kucuksari, Kaan"]
[Black "Zou, Brendan"]
[Result "1-0"]
[WhiteElo "2500"]
[BlackElo "1999"]
[PlyCount "75"]
[EventDate "2023.04.11"]
[EventType "swiss (blitz)"]
[EventRounds "11"]
[EventCountry "USA"]
[SourceTitle "CBM 213 Extra"]
[Source "ChessBase"]
[SourceDate "2023.05.31"]
[SourceVersion "1"]
[SourceVersionDate "2023.05.31"]
[SourceQuality "1"]

1. e4 c5 2. Nf3 e6 3. d4 cxd4 4. Nxd4 a6 5. Bd3 b5 6. 0-0 Bb7 7. a4 b4 8. Nd2 Qc7 9. Nc4 Nc6 10. Nxc6 Bxc6 11. a5 Bc5 12. Nb6 Bxb6 13. axb6 Qb7 14. Qg4 g6 15. Be3 Nf6 16. Qg5 Nxe4 17. Bxe4 Bxe4 18. Qf6 Rg8 19. f3 Bxc2 20. Ra5 d5 21. Rc5 Rc8 22. Bg5 Kf8 23. Qe7+ Qxe7 24. Rxc8+ Qe8 25. b7 Kg7 26. Rxe8 Rxe8 27. Bf4 e5 28. Bxe5+ f6 29. b8Q Rxb8 30. Bxb8 b3 31. Ba7 Kf7 32. Bd4 Ke6 33. Ra1 Bd3 34. Rc1 Bc4 35. Re1+ Kf5 36. Kf2 g5 37. g4+ Kg6 38. Re6 1-0

[Event "Titled Tuesday intern op 11th Apr Early"]
[Site "Chess.com INT"]
[Date "2023.04.11"]
[Round "11"]
[White "Necula, Iulian"]
[Black "Zou, Brendan"]
[Result "1/2-1/2"]
[WhiteElo "1851"]
[BlackElo "1999"]
[PlyCount "73"]
[EventDate "2023.04.11"]
[EventType "swiss (blitz)"]
[EventRounds "11"]
[EventCountry "USA"]
[SourceTitle "CBM 213 Extra"]
[Source "ChessBase"]
[SourceDate "2023.05.31"]
[SourceVersion "1"]
[SourceVersionDate "2023.05.31"]
[SourceQuality "1"]

1. d4 Nf6 2. Nc3 e6 3. Bf4 a6 4. a3 d5 5. e3 Bd6 6. Nf3 Bxf4 7. exf4 Nc6 8. Qd2 Ne4 9. Nxe4 dxe4 10. Ng5 Qxd4 11. 0-0-0 Qxd2+ 12. Rxd2 f5 13. Bc4 Ke7 14. Rhd1 h6 15. Nh3 Rd8 16. Rxd8 Nxd8 17. a4 Nc6 18. c3 Bd7 19. b4 Rd8 20. f3 exf3 21. gxf3 Bc8 22. Re1 Kf6 23. Kc2 Ne7 24. Nf2 Nd5 25. Nd3 Bd7 26. a5 Ba4+ 27. Kb2 Bc6 28. Ne5 Rd6 29. Nd3 Rd8 30. h4 Rd6 31. h5 g6 32. hxg6 Kxg6 33. Rg1+ Kf6 34. Rh1 Kg6 35. Rg1+ Kf6 36. Rh1 Kg6 37. Rg1+ 1/2-1/2

[Event "Titled Tuesday intern op 11th Apr Early"]
[Site "Chess.com INT"]
[Date "2023.04.11"]
[Round "8"]
[White "Zou, Brendan"]
[Black "Cupid, Kevin"]
[Result "0-1"]
[WhiteElo "1999"]
[BlackElo "2150"]
[PlyCount "76"]
[EventDate "2023.04.11"]
[EventType "swiss (blitz)"]
[EventRounds "11"]
[EventCountry "USA"]
[SourceTitle "CBM 213 Extra"]
[Source "ChessBase"]
[SourceDate "2023.05.31"]
[SourceVersion "1"]
[SourceVersionDate "2023.05.31"]
[SourceQuality "1"]

1. d4 Nf6 2. Nc3 d5 3. Bf4 Bf5 4. f3 Bg6 5. g4 e6 6. h4 h6 7. h5 Bh7 8. e3 a6 9. Bd3 Bxd3 10. Qxd3 c5 11. dxc5 Bxc5 12. 0-0-0 Nc6 13. a3 b5 14. Nge2 Qb6 15. Nd4 Rc8 16. Nxc6 Rxc6 17. Be5 Bxe3+ 18. Kb1 d4 19. Bxf6 gxf6 20. Ne4 Ke7 21. Rh2 Rd8 22. Re2 a5 23. Nd2 Qc5 24. Nb3 Qb6 25. Qe4 Rcd6 26. Qd3 a4 27. Nc1 b4 28. axb4 Qxb4 29. Qa3 Qxa3 30. bxa3 Rc8 31. Nd3 Rc3 32. Ka2 Rdc6 33. Nb4 R6c4 34. Rb1 Kd6 35. Na6 Rxc2+ 36. Rxc2 Rxc2+ 37. Rb2 d3 38. Rxc2 dxc2 0-1

[Event "Titled Tuesday intern op 20th Sep Early"]
[Site "Chess.com INT"]
[Date "2022.09.20"]
[Round "9"]
[White "Derjabin, Ilja"]
[Black "Zou, Brendan"]
[Result "1-0"]
[WhiteElo "2333"]
[BlackElo "1999"]
[PlyCount "97"]
[EventDate "2022.09.20"]
[EventType "swiss (blitz)"]
[EventRounds "11"]
[EventCountry "USA"]
[SourceTitle "EXT 2023"]
[Source "ChessBase"]
[SourceDate "2022.10.05"]
[SourceVersion "1"]
[SourceVersionDate "2022.10.05"]
[SourceQuality "1"]

1. d4 Nf6 2. c4 e6 3. Nc3 Bb4 4. a3 Bxc3+ 5. bxc3 0-0 6. f3 d5 7. e3 Nbd7 8. Bd3 c5 9. Ne2 Qc7 10. cxd5 exd5 11. 0-0 Re8 12. Bd2 Nf8 13. Rc1 Ng6 14. Kh1 b6 15. c4 Ba6 16. Bxg6 hxg6 17. cxd5 Nxd5 18. e4 Qd6 19. Re1 Bxe2 20. Rxe2 Nc7 21. d5 Re7 22. g3 Rae8 23. Bf4 Qd8 24. d6 Rd7 25. Qa4 Ne6 26. e5 Nd4 27. Rf2 g5 28. Bxg5 Qxg5 29. f4 Qd8 30. Re1 f6 31. Qc4+ Kh8 32. g4 Rxd6 33. Re3 Rd5 34. Rh3+ Kg8 35. exf6 gxf6 36. g5 fxg5 37. Rh5 b5 38. Qd3 Qf6 39. Qh7+ Kf8 40. Rh6 Re1+ 41. Kg2 Qg7 42. fxg5+ Rf5 43. Rf6+ Rxf6 44. Rxf6+ Qxf6 45. gxf6 Re2+ 46. Kf1 Re6 47. Qg7+ Ke8 48. f7+ Kd7 49. f8Q+ 1-0

[Event "Titled Tuesday intern op 20th Sep Early"]
[Site "Chess.com INT"]
[Date "2022.09.20"]
[Round "1"]
[White "Lewtak, Damian"]
[Black "Zou, Brendan"]
[Result "1-0"]
[WhiteElo "2386"]
[BlackElo "1999"]
[PlyCount "125"]
[EventDate "2022.09.20"]
[EventType "swiss (blitz)"]
[EventRounds "11"]
[EventCountry "USA"]
[SourceTitle "EXT 2023"]
[Source "ChessBase"]
[SourceDate "2022.10.05"]
[SourceVersion "1"]
[SourceVersionDate "2022.10.05"]
[SourceQuality "1"]

1. e4 e5 2. Nf3 Nc6 3. Bb5 g6 4. Nc3 Bg7 5. d3 Nge7 6. Be3 0-0 7. h4 d5 8. exd5 Nxd5 9. Bxc6 bxc6 10. Qd2 Nxe3 11. fxe3 Rb8 12. Rb1 Bg4 13. e4 Qd7 14. Qe3 Qd6 15. 0-0 c5 16. b3 c6 17. Na4 Rb5 18. Nb2 Rd8 19. Nc4 Qe7 20. Qg5 Qxg5 21. Nxg5 Rb7 22. Nf3 Re8 23. Kf2 Rd7 24. Ne3 Be6 25. Ng5 Rdd8 26. Nxe6 Rxe6 27. Ke2 Bh6 28. Nc4 f6 29. g4 Rd7 30. Rf3 Rf7 31. Rbf1 Bf4 32. Nb2 Rb7 33. Na4 Rb5 34. c4 Ra5 35. Rxf4 exf4 36. Rxf4 Kf7 37. g5 Ke7 38. Kf3 fxg5 39. hxg5 Kd7 40. Kg4 Re7 41. Rf6 Kc7 42. Kf4 Kd7 43. e5 Re6 44. Rf8 Re7 45. Ke4 Kc7 46. Rf6 Kd7 47. Rd6+ Kc7 48. Rf6 Kd7 49. Rf1 Kc7 50. Rb1 Kd7 51. Re1 Kc7 52. Re2 Kd7 53. Kf4 Rf7+ 54. Kg4 Ke6 55. Nc3 Ra6 56. Ne4 Rb6 57. Nxc5+ Ke7 58. d4 Rb8 59. d5 cxd5 60. cxd5 Rb5 61. d6+ Kd8 62. e6 Rf1 63. e7+ 1-0

[Event "Titled Tuesday intern op 20th Sep Early"]
[Site "Chess.com INT"]
[Date "2022.09.20"]
[Round "8"]
[White "Zou, Brendan"]
[Black "Danielyan, Vahe"]
[Result "0-1"]
[WhiteElo "1999"]
[BlackElo "2284"]
[PlyCount "42"]
[EventDate "2022.09.20"]
[EventType "swiss (blitz)"]
[EventRounds "11"]
[EventCountry "USA"]
[SourceTitle "EXT 2023"]
[Source "ChessBase"]
[SourceDate "2022.10.05"]
[SourceVersion "1"]
[SourceVersionDate "2022.10.05"]
[SourceQuality "1"]

1. d4 Nf6 2. Nc3 g6 3. e4 d6 4. Be3 Bg7 5. f3 a6 6. Qd2 b5 7. a3 Bb7 8. g4 Nbd7 9. h4 Nb6 10. h5 gxh5 11. g5 Nfd7 12. Rxh5 e5 13. d5 Nf8 14. Nh3 Ng6 15. Nf2 Bc8 16. b3 Qe7 17. Bh3 Bxh3 18. Rxh3 Nd7 19. Ng4 Nf4 20. Bxf4 exf4 21. Ne2 Bxa1 0-1

[Event "Titled Tuesday intern op 13th Sep Early"]
[Site "Chess.com INT"]
[Date "2022.09.13"]
[Round "5"]
[White "Zou, Brendan"]
[Black "Mouhamad, Joachin"]
[Result "0-1"]
[WhiteElo "1999"]
[BlackElo "2264"]
[PlyCount "103"]
[EventDate "2022.09.13"]
[EventType "swiss (blitz)"]
[EventRounds "11"]
[EventCountry "USA"]
[SourceTitle "EXT 2023"]
[Source "ChessBase"]
[SourceDate "2022.10.05"]
[SourceVersion "1"]
[SourceVersionDate "2022.10.05"]
[SourceQuality "1"]

1. d4 Nf6 2. Nc3 d5 3. Bf4 e6 4. e3 c5 5. dxc5 Bxc5 6. Nf3 0-0 7. Bd3 Nc6 8. 0-0 Re8 9. e4 d4 10. Ne2 e5 11. Bg5 h6 12. Bh4 Be6 13. c3 dxc3 14. Nxc3 Nd4 15. Nxd4 Bxd4 16. Rc1 a6 17. a3 Rc8 18. Qe2 b5 19. Rfd1 Qe7 20. Kh1 g5 21. Bg3 Red8 22. Qe1 Nh5 23. Rd2 Nxg3+ 24. hxg3 Kg7 25. Kg1 h5 26. Ne2 Bb6 27. Bb1 f6 28. Rcd1 Rxd2 29. Rxd2 Qa7 30. Nc3 Bd4 31. Rd3 Bc4 32. Rd1 Rh8 33. Ne2 Bb6 34. Bd3 Be6 35. Rc1 h4 36. Qd2 Bxf2+ 37. Kf1 Be3 38. Qc2 Bxc1 39. Nxc1 Rc8 40. Qd2 Qd4 41. Qd1 Rxc1 42. Qxc1 Qxd3+ 43. Kg1 Bc4 44. Qe1 Qd4+ 45. Kh2 Bd3 46. Qd1 Qxe4 47. Qh5 hxg3+ 48. Kxg3 Qh4+ 49. Qxh4 gxh4+ 50. Kxh4 Kg6 51. Kg3 f5 52. Kf2 0-1

[Event "Titled Tuesday intern op 13th Sep Early"]
[Site "Chess.com INT"]
[Date "2022.09.13"]
[Round "7"]
[White "Zou, Brendan"]
[Black "Vargas, Mauricio"]
[Result "0-1"]
[WhiteElo "1999"]
[BlackElo "2125"]
[PlyCount "78"]
[EventDate "2022.09.13"]
[EventType "swiss (blitz)"]
[EventRounds "11"]
[EventCountry "USA"]
[SourceTitle "EXT 2023"]
[Source "ChessBase"]
[SourceDate "2022.10.05"]
[SourceVersion "1"]
[SourceVersionDate "2022.10.05"]
[SourceQuality "1"]

1. d4 d5 2. Nc3 c6 3. Bf4 Bf5 4. e3 Nd7 5. f3 Bg6 6. h4 Ngf6 7. g4 h5 8. g5 Ng8 9. Bd3 Bxd3 10. Qxd3 g6 11. Nge2 e6 12. 0-0-0 Bg7 13. e4 Ne7 14. Rhe1 Qa5 15. Bd2 Qc7 16. exd5 cxd5 17. Bf4 Qb6 18. Nb5 0-0 19. Bc7 Qc6 20. Bd6 Rfe8 21. Bg3 Rec8 22. Kb1 Nf5 23. Bf2 a6 24. Nbc3 b5 25. Nf4 Nb6 26. Re2 b4 27. Ncxd5 Nxd5 28. Nxd5 Qxd5 29. Red2 Ne7 30. Qe4 a5 31. Bg3 a4 32. Re1 b3 33. cxb3 axb3 34. a3 Qb5 35. Qe3 Nf5 36. Qf2 Rc2 37. Be5 Rac8 38. Bxg7 Kxg7 39. Red1 Qc4 0-1

[Event "Titled Tuesday intern op 13th Sep Early"]
[Site "Chess.com INT"]
[Date "2022.09.13"]
[Round "11"]
[White "Zou, Brendan"]
[Black "Yang, Ray"]
[Result "1-0"]
[WhiteElo "1999"]
[BlackElo "2082"]
[PlyCount "143"]
[EventDate "2022.09.13"]
[EventType "swiss (blitz)"]
[EventRounds "11"]
[EventCountry "USA"]
[SourceTitle "EXT 2023"]
[Source "ChessBase"]
[SourceDate "2022.10.05"]
[SourceVersion "1"]
[SourceVersionDate "2022.10.05"]
[SourceQuality "1"]

1. d4 d5 2. Nc3 Nf6 3. Bf4 a6 4. e3 c5 5. dxc5 Nc6 6. Nf3 Bg4 7. Be2 Bxf3 8. Bxf3 e5 9. Bg5 d4 10. Nd5 Qa5+ 11. Qd2 Qxd2+ 12. Kxd2 Nxd5 13. Bxd5 Bxc5 14. Rad1 f6 15. Bh4 dxe3+ 16. fxe3 Rd8 17. e4 Nb4 18. Kc1 Nxd5 19. exd5 b5 20. Rhe1 0-0 21. Rd3 Rd6 22. b3 Rfd8 23. c4 Ba3+ 24. Kc2 Bb4 25. Re4 Rc8 26. Kb2 bxc4 27. bxc4 a5 28. a3 Bc5 29. Rb3 Bd4+ 30. Kb1 Rxc4 31. Rb8+ Kf7 32. Rb7+ Kf8 33. Rg4 Rb6+ 34. Rxb6 Bxb6 35. Rxc4 Ke7 36. Rc6 Bd4 37. Kc2 Kd7 38. Ra6 e4 39. Rxa5 g5 40. Bg3 f5 41. Ra6 f4 42. Be1 e3 43. Kd3 Bb2 44. a4 h5 45. Rh6 g4 46. Rxh5 f3 47. gxf3 gxf3 48. Kxe3 Bc1+ 49. Kxf3 Bb2 50. Kg4 Bc3 51. Kf5 Bxe1 52. Rh6 Bd2 53. Re6 Bc3 54. h4 Bd2 55. h5 Bc1 56. h6 Bb2 57. h7 Ba1 58. a5 Bc3 59. a6 Bb2 60. Ke4 Bc3 61. Kd3 Ba1 62. Kc4 Bg7 63. Kb5 Bd4 64. Rg6 Bc3 65. a7 Bb2 66. a8Q Bh8 67. Qxh8 Kc7 68. Qf6 Kd7 69. h8N Kc7 70. d6+ Kd7 71. Rg7+ Ke8 72. d7# 1-0

[Event "Titled Tuesday intern op 06th Sep Early"]
[Site "Chess.com INT"]
[Date "2022.09.06"]
[Round "5"]
[White "Martin Duque, Jesus"]
[Black "Zou, Brendan"]
[Result "1-0"]
[WhiteElo "2378"]
[BlackElo "1999"]
[PlyCount "63"]
[EventDate "2022.09.06"]
[EventType "swiss (blitz)"]
[EventRounds "11"]
[EventCountry "USA"]
[SourceTitle "EXT 2023"]
[Source "ChessBase"]
[SourceDate "2022.10.05"]
[SourceVersion "1"]
[SourceVersionDate "2022.10.05"]
[SourceQuality "1"]

1. Nf3 Nf6 2. b3 e6 3. Bb2 d5 4. g3 Be7 5. Bg2 0-0 6. 0-0 c5 7. e3 Nc6 8. Qe2 b6 9. Rd1 d4 10. Ne5 Nxe5 11. Bxa8 Bd7 12. Bg2 Nc6 13. Na3 e5 14. exd4 exd4 15. Nc4 Re8 16. c3 b5 17. Ne5 Nxe5 18. Qxe5 Bf8 19. Qf4 Bg4 20. Re1 Rxe1+ 21. Rxe1 Bd6 22. Qg5 h6 23. Qh4 Kh7 24. f4 Be7 25. h3 Be6 26. g4 Ne4 27. g5 Nxd2 28. cxd4 cxd4 29. Qf2 Bb4 30. f5 Bc8 31. Re2 Qxg5 32. h4 1-0

[Event "Titled Tuesday intern op 06th Sep Early"]
[Site "Chess.com INT"]
[Date "2022.09.06"]
[Round "2"]
[White "Prohaszka, Peter"]
[Black "Zou, Brendan"]
[Result "1-0"]
[WhiteElo "2570"]
[BlackElo "1999"]
[PlyCount "117"]
[EventDate "2022.09.06"]
[EventType "swiss (blitz)"]
[EventRounds "11"]
[EventCountry "USA"]
[SourceTitle "EXT 2023"]
[Source "ChessBase"]
[SourceDate "2022.10.05"]
[SourceVersion "1"]
[SourceVersionDate "2022.10.05"]
[SourceQuality "1"]

1. Nf3 Nf6 2. d4 e6 3. Bf4 b6 4. a4 a5 5. e3 Be7 6. Nbd2 Bb7 7. h3 0-0 8. Bd3 c5 9. 0-0 d5 10. c3 Nbd7 11. Qb1 Rc8 12. Ne5 Re8 13. g4 Nf8 14. Bb5 N6d7 15. Bg3 f6 16. Nxd7 Nxd7 17. f4 Bc6 18. Nf3 Bxb5 19. axb5 Bd6 20. Kg2 Qc7 21. Qd3 Nf8 22. dxc5 Bxc5 23. e4 dxe4 24. Qxe4 Rcd8 25. Rad1 Rxd1 26. Rxd1 Rd8 27. Qe2 Rxd1 28. Qxd1 Qd7 29. Qxd7 Nxd7 30. Nd2 Kf7 31. Nc4 Ke7 32. Kf3 Bd6 33. Bf2 Bc5 34. Bxc5+ Nxc5 35. Nxb6 Nd3 36. Nc4 a4 37. b6 Kd7 38. f5 e5 39. Ke4 Nc5+ 40. Kd5 Nb3 41. Na3 Na5 42. Kc5 Nb7+ 43. Kb5 e4 44. Nc4 Nd6+ 45. Nxd6 Kxd6 46. Ka6 e3 47. b7 e2 48. b8Q+ Kd5 49. Qg3 Ke4 50. Qe1 Ke3 51. Kb5 Kf3 52. Kxa4 Kg2 53. b4 Kxh3 54. b5 Kxg4 55. b6 Kxf5 56. Qxe2 g5 57. Qf1+ Kg6 58. b7 h5 59. b8Q 1-0

[Event "Box Hill op"]
[Site "Box Hill"]
[Date "2019.11.22"]
[Round "5"]
[White "Ng, Reiner"]
[Black "Zou, Brendan"]
[Result "1-0"]
[WhiteElo "1659"]
[BlackElo "2029"]
[PlyCount "81"]
[EventDate "2019.10.18"]
[EventType "swiss"]
[EventRounds "9"]
[EventCountry "AUS"]
[SourceTitle "EXT 2021"]
[Source "ChessBase"]
[SourceDate "2020.10.23"]
[SourceVersion "1"]
[SourceVersionDate "2020.10.23"]
[SourceQuality "1"]

1. d4 d5 2. c4 Nc6 3. Nf3 Bg4 4. e3 e5 5. dxe5 dxc4 6. Qa4 Bxf3 7. gxf3 Qd5 8. e4 Qxe5 9. Nc3 Bb4 10. Bd2 0-0-0 11. 0-0-0 Qa5 12. Qxa5 Nxa5 13. Nd5 Bxd2+ 14. Rxd2 c6 15. Ne3 b5 16. Bh3+ Kc7 17. Rxd8 Kxd8 18. Rd1+ Ke8 19. Rd7 a6 20. Ra7 c3 21. b3 g6 22. Rxa6 Nb7 23. Rxc6 Ne7 24. Rb6 Nd8 25. Rxb5 Kf8 26. Rc5 Kg7 27. Rxc3 Ndc6 28. Bf1 Nd4 29. Rc7 Nec6 30. Nc2 Nxc2 31. Rxc6 Nd4 32. Rc3 Re8 33. Kd2 Ne6 34. Ke3 g5 35. a4 Nf4 36. Rc5 h6 37. a5 Rb8 38. Rb5 Rd8 39. a6 Rd1 40. Bc4 Rd8 41. Bd5 1-0

[Event "Box Hill op"]
[Site "Box Hill"]
[Date "2019.10.18"]
[Round "1"]
[White "Gong, Anderson"]
[Black "Zou, Brendan"]
[Result "0-1"]
[WhiteElo "1175"]
[BlackElo "2029"]
[PlyCount "56"]
[EventDate "2019.10.18"]
[EventType "swiss"]
[EventRounds "9"]
[EventCountry "AUS"]
[SourceTitle "EXT 2021"]
[Source "ChessBase"]
[SourceDate "2020.10.23"]
[SourceVersion "1"]
[SourceVersionDate "2020.10.23"]
[SourceQuality "1"]

1. e4 e5 2. Nf3 Nc6 3. Bb5 g6 4. 0-0 Bg7 5. c3 Nge7 6. d3 0-0 7. Re1 d6 8. Nbd2 h6 9. Nf1 f5 10. exf5 gxf5 11. Bd2 d5 12. Qc1 Kh7 13. Ng3 f4 14. Nf1 Bg4 15. Qd1 Ng6 16. h3 Bxf3 17. Qxf3 Nh4 18. Qd1 f3 19. Ng3 Nxg2 20. Rf1 Qh4 21. Kh2 Ne7 22. Bd7 h5 23. Qc1 Nf4 24. Bxf4 Rxf4 25. Qe3 Rd8 26. Qxa7 Rxd7 27. Qxb7 Ng6 28. b3 Qxh3+ 0-1